书目信息 |
| 题名: |
2015年散文诗选粹
|
|
| 作者: | 爱斐儿 主编 | |
| 分册: | ||
| 出版信息: | 太原 北岳文艺出版社 2016 |
|
| 页数: | 284页 | |
| 开本: | 24cm | |
| 丛书名: | ||
| 单 册: | ||
| 中图分类: | I227.6 | |
| 科图分类: | ||
| 主题词: | 散文诗--san wen shi--诗集--中国--当代 | |
| 电子资源: | ||
| ISBN: | 978-7-5378-4672-1 | |
| 000 | 00654nam0 22002291 450 | |
| 001 | 0115101226 | |
| 005 | 20170415101226.0 | |
| 010 | @a978-7-5378-4672-1@dCNY35.00 | |
| 100 | @a20160229d2016 em y0chiy50 ea | |
| 101 | 0 | @achi |
| 102 | @aCN@b140000 | |
| 105 | @ay z 000gy | |
| 106 | @ar | |
| 200 | 1 | @a2015年散文诗选粹@A2015nian san wen shi xuan cui@f爱斐儿主编 |
| 210 | @a太原@c北岳文艺出版社@d2016 | |
| 215 | @a284页@d24cm | |
| 516 | 1 | @a2015散文诗选粹 |
| 606 | 0 | @a散文诗@Asan wen shi@x诗集@y中国@z当代 |
| 690 | @aI227.6@v5 | |
| 701 | 0 | @a爱斐儿@Aai fei er@c(女)@4主编 |
| 801 | 0 | @aCN@bTANGWEI@c20170308 |
| 905 | @b0965655-8@dI227.6@e446@f4 | |
| 2015年散文诗选粹/爱斐儿主编.-太原:北岳文艺出版社,2016 |
| 284页;24cm |
| ISBN 978-7-5378-4672-1:CNY35.00 |
| ● |
| 相关链接 |
|
|
|
|
正题名:2015年散文诗选粹
索取号:I227.6/446
 
预约/预借
| 序号 | 登录号 | 条形码 | 馆藏地/架位号 | 状态 | 备注 |
| 1 | 0965655 | 209656558 | 第一样本阅览室/ [索取号:I227.6/446] | 在馆 | |
| 2 | 0965656 | 209656567 | 第二借阅区/ [索取号:I227.6/446] | 在馆 | |
| 3 | 0965657 | 209656576 | 第二借阅区/ [索取号:I227.6/446] | 在馆 | |
| 4 | 0965658 | 209656585 | 第二借阅区/ [索取号:I227.6/446] | 在馆 |